Estudio de tiempos y economía de movimientos (Registro nro. 2750)
[ vista simple ]
| 000 -LEADER | |
|---|---|
| fixed length control field | 01622 a2200205 4500 |
| 001 - CONTROL NUMBER | |
| control field | 37399 |
| 005 - DATE AND TIME OF LATEST TRANSACTION | |
| control field | 20260407155642.0 |
| 008 - FIXED-LENGTH DATA ELEMENTS--GENERAL INFORMATION | |
| fixed length control field | 260407a1957 arg spa d |
| 003 - CONTROL NUMBER IDENTIFIER | |
| control field | AR-UNSa-BCEJYS |
| 040 ## - CATALOGING SOURCE | |
| Original cataloging agency | AR-UNSa-BCEJYS |
| Language of cataloging | spa |
| Transcribing agency | AR-UNSa-BCEJYS |
| 080 ## - UNIVERSAL DECIMAL CLASSIFICATION NUMBER | |
| Universal Decimal Classification number | 658.53 |
| Common auxiliary subdivision | Rendimiento y tiempos en el proceso de producción<br/> |
| 100 1# - MAIN ENTRY--PERSONAL NAME | |
| Personal name | Raimondi, Carlos A. |
| 245 10 - TITLE STATEMENT | |
| Title | Estudio de tiempos y economía de movimientos |
| 264 #1 - PRODUCTION, PUBLICATION, DISTRIBUTION, MANUFACTURE, AND COPYRIGHT NOTICE | |
| Place of production, publication, distribution, manufacture | Buenos Aires : |
| Name of producer, publisher, distributor, manufacturer | Ediciones Contabilidad Moderna |
| Date of production, publication, distribution, manufacture, or copyright notice | 1957 |
| 300 ## - PHYSICAL DESCRIPTION | |
| Extent | 428 p. |
| Dimensions | 24 cm. |
| 505 ## - FORMATTED CONTENTS NOTE | |
| Formatted contents note | 1. Problemas psicologicos que plantea el progreso en los métodos - 2. Análisis de operaciones - 3. Gráficos y diagramas de proceso - 4. Gráficos de proceso de ambas manos - 5. Cómo producir más con menor esfuerzo - 6. Planes de sugestiones - 7. Programa de análisis - 8. Principios básicoa del estudio de tiempos - 9. Equipo empleado para realizar cronometrajes - 10. Desarrollo de un estudio de tiempos - 11. Terminología - 12. Ajustamiento - 13. Ajustamiento sintético - 14. La fatiga en la industria - 15. Estudio de las interrupciones del trabajo - 16. Estudio sintético de las interrupciones - 17. Cómputos finales de los estudios de tiempos - 18. Tiempos precalculados - 19. Organización de la oficina de estudio de tiempos - 20. La cooperación entre la empresa, su personal y los sindicatos obreros - 21. La producción en serie y los estudios de tiempos - 22. Distribución de tareas en industrias automatizadas - 23. Velocidades de corte y avance para el trabajo de metales |
| 590 ## - LOCAL NOTE (RLIN) | |
| Local note | niveau_biblio:m niveau_hierar:0 |
| 700 1# - ADDED ENTRY--PERSONAL NAME | |
| Personal name | Morrow, Robert Lee |
| 942 ## - ADDED ENTRY ELEMENTS (KOHA) | |
| Koha item type | |
| Withdrawn status | Lost status | Damaged status | Not for loan | Home library | Current library | Shelving location | Date acquired | Total checkouts | Full call number | Barcode | Date last seen | Price effective from | Koha item type |
|---|---|---|---|---|---|---|---|---|---|---|---|---|---|
| Biblioteca Prof. Eusebio Cleto del Rey | Biblioteca Prof. Eusebio Cleto del Rey | 07/04/2026 | 658.53 M872 | L22927 | 07/04/2026 | 07/04/2026 | Libro |